<?xml version="1.0" encoding="UTF-8"?>
<record
    xmlns:xsi="http://www.w3.org/2001/XMLSchema-instance"
    xsi:schemaLocation="http://www.loc.gov/MARC21/slim http://www.loc.gov/standards/marcxml/schema/MARC21slim.xsd"
    xmlns="http://www.loc.gov/MARC21/slim">

  <leader>00666nam a22001937a 4500</leader>
  <datafield tag="999" ind1=" " ind2=" ">
    <subfield code="c">170872</subfield>
    <subfield code="d">170872</subfield>
  </datafield>
  <controlfield tag="005">20191227160426.0</controlfield>
  <datafield tag="010" ind1=" " ind2=" ">
    <subfield code="a">A-603739</subfield>
  </datafield>
  <datafield tag="020" ind1=" " ind2=" ">
    <subfield code="c">22.00</subfield>
    <subfield code="a">-</subfield>
  </datafield>
  <datafield tag="035" ind1=" " ind2=" ">
    <subfield code="a">A-603739</subfield>
  </datafield>
  <datafield tag="037" ind1=" " ind2=" ">
    <subfield code="b">BPPD</subfield>
  </datafield>
  <datafield tag="082" ind1=" " ind2=" ">
    <subfield code="a">841.8</subfield>
  </datafield>
  <datafield tag="100" ind1=" " ind2=" ">
    <subfield code="a">&#x645;&#x62D;&#x645;&#x62F; &#x64A;&#x639;&#x642;&#x648; &#x628; &#x639;&#x627; &#x645;&#x631;</subfield>
  </datafield>
  <datafield tag="245" ind1=" " ind2=" ">
    <subfield code="a">&#x627; &#x631; &#x62F; &#x648; &#x6A9;&#x6D2; &#x627; &#x628;&#x62A;&#x62F; &#x627; &#x626; &#x627; &#x62F; &#x628;&#x6CC; &#x645;&#x639;&#x631; &#x6A9;&#x6D2; </subfield>
    <subfield code="c">&#x645;&#x62D;&#x645;&#x62F; &#x64A;&#x639;&#x642;&#x648; &#x628; &#x639;&#x627; &#x645;&#x631;</subfield>
  </datafield>
  <datafield tag="246" ind1=" " ind2=" ">
    <subfield code="a">Urdu ke Ibtadai  Adabi Maarkey (Urdu)</subfield>
    <subfield code="b">by Mohd. Yaqoob Amir</subfield>
  </datafield>
  <datafield tag="260" ind1=" " ind2=" ">
    <subfield code="a">N.D.</subfield>
    <subfield code="c">1992 &#x621; </subfield>
    <subfield code="b">Director Taraqui Urdu beoro </subfield>
  </datafield>
  <datafield tag="270" ind1=" " ind2=" ">
    <subfield code="a">New Rohtak Road West Block 8,R.K.puram </subfield>
    <subfield code="b">N.Delhi</subfield>
    <subfield code="k">-</subfield>
    <subfield code="e">110066</subfield>
  </datafield>
  <datafield tag="300" ind1=" " ind2=" ">
    <subfield code="a">251 &#x635;</subfield>
    <subfield code="c">22 cm(hb)</subfield>
  </datafield>
  <datafield tag="942" ind1=" " ind2=" ">
    <subfield code="2">ddc</subfield>
    <subfield code="c">UR</subfield>
    <subfield code="h">841.8</subfield>
    <subfield code="m">&#x645; &#x62D; &#x645; </subfield>
  </datafield>
  <datafield tag="952" ind1=" " ind2=" ">
    <subfield code="0">0</subfield>
    <subfield code="1">0</subfield>
    <subfield code="4">0</subfield>
    <subfield code="7">0</subfield>
    <subfield code="8">NFIC</subfield>
    <subfield code="a">L</subfield>
    <subfield code="b">L</subfield>
    <subfield code="d">2019-12-27</subfield>
    <subfield code="e">BPPD/Ven.</subfield>
    <subfield code="g">22.00</subfield>
    <subfield code="l">0</subfield>
    <subfield code="o">841.8 &#x645; &#x62D; &#x645;</subfield>
    <subfield code="p">A-603739</subfield>
    <subfield code="r">2019-12-27 00:00:00</subfield>
    <subfield code="t">1</subfield>
    <subfield code="v">22.00</subfield>
    <subfield code="w">2019-12-27</subfield>
    <subfield code="y">UR</subfield>
  </datafield>
</record>
